[Event "45th Olympiad 2024"]
[Site "Budapest HUN"]
[Date "2024.09.21"]
[Round "10.21"]
[Board "3"]
[White "Flores Quillas, Diego Saul Rodri"]
[Black "Moroni, Luca Jr"]
[Result "0-1"]
[WhiteElo "2451"]
[BlackElo "2558"]
[PlyCount "156"]
[EventDate "2024.09.11"]
[WhiteTeam "Peru"]
[BlackTeam "Italy"]
[WhiteTeamCountry "PER"]
[BlackTeamCountry "ITA"]

1. e4 {Stohl,Igor} g6 2. d4 Bg7 3. Nc3 c6 4. f4 ({RR} 4. Bc4 d5 ({RR} 4... d6 5. Nf3 Nf6) 5. exd5 b5 6. Bb3 b4 7. Nce2 cxd5 8. Bd2 a5 ({RR} 8... Na6 9. a3 bxa3 10. Rxa3 Nc7 11. Nf3 ({RR} 11. Ba5 e6 12. Qd2 Bd7 13. Nf3 Ne7 14. Ne5 O-O 15. h4 Be8 16. h5 f6 17. Ng4 gxh5 18. Nh6+ Kh8 19. Ng3 Nc6 20. Nxh5 Bxh5 21. Rxh5 Nxa5 22. Rxa5 f5 23. g4 Qe8 24. Rh4 Qg6) 11... Nf6 12. Ne5 O-O 13. Bb4 Ba6 14. O-O Re8 15. Re1 e6 16. Nc3 Bf8 17. Nc6 Qc8 18. Bxf8 Kxf8 19. Qf3 Kg7 20. Rea1 Qb7 21. Ne5 Qb6 22. Qf4 Re7 23. Na4) ({RR} 8... Nc6 9. Ba4 Bd7 10. Bxc6 Bxc6 11. Bxb4 Qb6 12. c3 a5 13. Ba3 Bb5 14. Nh3 Qa6 15. Nhf4 Nf6 16. Nc1 Bh6 17. Ncd3 e5 18. dxe5 O-O-O 19. Qf3 Rhe8 20. Qh3+ Rd7 21. Qxh6 Bxd3 22. O-O-O Ng4 23. Qh4) 9. a3 bxa3 10. Rxa3 e6 11. Ba4+ Bd7 12. Bxd7+ Qxd7 13. Rxa5 Rxa5 14. Bxa5 Nc6 15. Bc3 Nf6 16. Nf3 Ne4 17. O-O O-O 18. Bd2 Rb8) ({RR} 4. h4 h5 5. Nf3 d5 6. e5 Bg4 7. Be2 Nh6 8. Bf4 e6 9. Qd2 Nf5 10. Bg5 Qa5 11. b4 Qxb4 12. Rb1 Qa5 13. Rxb7 Bxf3 14. gxf3 O-O 15. O-O a6 16. f4 c5 17. dxc5 Nc6 18. Rfb1 Rac8) ({RR} 4. Nf3 Nf6 5. e5 Nd5 6. Ne4 O-O 7. c4 Nc7 8. Be3 d6 9. Be2 Bg4 10. exd6 exd6 11. Qb3 d5 12. Nc3 dxc4 13. Qxb7 Nba6 14. Qxc6 Nb4 15. Qa4 Nd3+ 16. Bxd3 cxd3 17. Ne5 Bf5 18. O-O h5) 4... Qb6 ({RR} 4... Nf6 5. Nf3 ({RR} 5. e5 Nd5 6. Nxd5 cxd5 7. Nf3 O-O 8. Bd3 d6 9. O-O Nc6 ({RR} 9... Bg4 10. c3 Nd7 11. h3 Bxf3 12. Qxf3 e6 13. Be3 f5 14. Kh1 Rc8 15. Rae1 dxe5 16. fxe5 a6 17. g4 Qh4 18. gxf5 gxf5 19. Rg1 Qd8 20. Bh6 Rf7 21. Bxf5 Kf8 22. Bxg7+ Rxg7 23. Rxg7 Kxg7 24. Rg1+) 10. c3 Bg4 11. Qb3 Bxf3 12. Rxf3 Qb6 13. Qxb6 axb6) 5... O-O 6. Bd3 d5 7. e5 Ne8 8. h3 c5 9. dxc5 Qa5 10. Be2 Nc7 11. Be3 Nc6 12. Nd2 Ne6 13. Nb3 Qc7 14. Nxd5) 5. Nf3 d5 6. e5 ({RR} 6. exd5 Bg4 7. h3 ({RR} 7. dxc6 Nxc6 8. d5 Nd4) 7... Bxf3 8. Qxf3 Bxd4 9. Bd2 Nf6 10. Na4 Qc7 11. c3 Bb6 12. dxc6 bxc6 13. Bc4 O-O 14. Nxb6 axb6 15. O-O b5 16. Bb3 e6 17. Rae1 Nbd7 18. Be3 c5 19. a3 Nb6 20. f5 exf5) 6... Bg4 7. Be2 h5 ({RR} 7... Bxf3 8. Bxf3 Nd7 9. Qd3 e6 10. Bd2 Ne7 ({RR} 10... c5 11. Na4 Qc6 12. Nxc5 Nxc5 13. dxc5 Qxc5 14. a3 Rc8 15. Rc1) 11. g4 ({RR} 11. O-O-O Nf5 12. Ne2 h5 ({RR} 12... c5) 13. g3 c5) ({RR} 11. Na4 Qb5 12. Qxb5 cxb5 13. Nc3 a6 14. a4 b4 15. Ne2 Nc6) 11... c5 12. Na4 Qc7 13. Nxc5 Nxc5 14. dxc5 g5 ({RR} 14... Qxc5 15. Qb3) 15. Qb5+ Nc6 ({RR} 15... Qc6 16. Qxc6+ Nxc6 17. fxg5) 16. c4 ({RR} 16. fxg5 Qxe5+ 17. Be2 O-O-O) 16... O-O-O 17. cxd5 exd5 18. O-O-O Nd4 ({RR} 18... gxf4 {RR} 19. Bxf4 Bxe5) 19. Qd3 Ne6 ({RR} 19... Nxf3 20. Qxf3 gxf4 21. Qa3 ({RR} 21. Bxf4 Bxe5 22. Bxe5 Qxe5 23. Rhe1 ({RR} 23. Qxf7 Rhf8 24. Qh5 Qxh5 25. gxh5 Rf5) 23... Qxh2 24. Qxf7) 21... Kb8 ({RR} 21... Qxe5 22. Rhe1 Qf6 23. g5) 22. Kb1 ({RR} 22. Ba5 b6) 22... Qxe5 23. Rhe1) ({RR} 19... Qxc5+ 20. Kb1) 20. Kb1 Kb8 ({RR} 20... gxf4 21. Qa3 Qxe5 22. Bc3 d4 23. Qxa7) ({RR} 20... Nxf4 21. Qa3) ({RR} 20... Nxc5 21. Qa3) 21. Qa3 Nxf4 ({RR} 21... Qxc5 22. Bb4 Qc6 23. Bd6+) 22. Ba5 {1-0 Almasi,Z (2630)-Hodgson,J (2590) Horgen-B 1995 (3)}) ({RR} 7... Nh6 8. Na4 Qa5+ 9. c3 Nf5 10. O-O O-O 11. Nc5 Qc7 12. Ng5 Bxe2 13. Qxe2 b6 14. Nd3 h6 15. Nf3 h5 16. Qf2 e6 17. h3 Nd7 18. g4 hxg4 19. hxg4 Ne7 20. Kg2 f6 21. Qh4 g5 22. Qh5 {1-0 Sjugirov,S (2651)-Haug,H (2306) Titled Tue 30th Jul Late 2024 (7)}) 8. h3 $146 ({RR} 8. b3 Nh6 9. Be3 Nf5 10. Bf2 Bh6 11. Qd2 Qa5 12. g3 Na6 13. a3 f6 14. O-O Bxf3 15. Bxf3 fxe5 16. dxe5 e6 17. Rfd1 Rg8 18. Nxd5 Qxd2 19. Nf6+ Kf7 20. Rxd2 Rgd8 21. Rad1 {1-0 Mekhitarian,K (2521)-Goncalves,J (2068) Maringa op 3rd 2013 (3)}) ({RR} 8. O-O Nh6 9. Na4 Qc7 10. h3 Bxf3 11. Rxf3 h4 12. Be3 Nf5 13. Bf2 Nd7 14. Bd3 e6 15. b3 b5 16. Nc3 Bf8 17. Ne2 b4 18. c4 bxc3 19. Rc1 a5 20. Nxc3 Be7 21. Na4 Qb7 22. Qc2 Nb8 {1-0 Zude,A (2431)-Telljohann,S (2424) BL2-West 1112 2011 (5.3)}) ({RR} 8. Na4 Qd8 9. Be3 Nh6 10. Qd2 Nf5 11. Bf2 e6 12. O-O-O Bf8 13. Ng5 Bxe2 14. Qxe2 Qa5 15. Nc3 b5 16. g4 hxg4 17. Qxg4 b4 18. Nb1 Qxa2 19. h4 Ng7 20. Rdg1 Rh6 21. Nxf7 Kxf7 22. Qg5 Nh5 {0-1 Purgar,I (2026)-Rakic,M (2276) EU-ch U18 Girls 18th 2008 (1)}) 8... Bxf3 9. Bxf3 h4 10. O-O Nd7 11. b3 e6 12. Ne2 Nh6 13. Be3 Nf5 14. Bf2 a5 15. c4 Bf8 16. c5 Qc7 17. Qd2 b6 18. cxb6 Qxb6 19. Nc3 Ba3 20. Na4 Qa7 21. Kh2 Kf8 22. Bg4 Kg7 23. Rfd1 Qc7 24. Qc2 Rac8 25. Rd3 Rh6 26. Rc3 f6 27. Qe2 Rf8 28. Kh1 fxe5 29. fxe5 Rhh8 30. Rd1 Rf7 31. Kg1 Qb7 32. Rc2 Be7 33. Rd3 Rhf8 34. Rf3 Bg5 35. Rfc3 Qb4 36. Rd3 Ng3 37. Bxg3 hxg3 38. Bf3 Rf4 39. Kf1 Qb5 40. Nc3 Qb4 41. Na4 Qb5 42. Kg1 R8f5 43. Kh1 Qb4 44. Qd1 Qb5 45. Nc3 Qb6 46. Ne2 Rh4 47. Nxg3 Rf7 48. Bg4 c5 49. dxc5 Nxc5 50. Rf3 Rxf3 51. Qxf3 Rh8 52. Qf2 Be7 53. Qe3 Qb4 54. Bf3 d4 55. Qc1 Nd3 56. Qd1 Nxe5 57. Rc7 Rf8 58. Qe2 Nxf3 59. Qxe6 Rf7 60. gxf3 d3 61. Rd7 Qf4 62. Qg4 Qc1+ 63. Kg2 Qd2+ 64. Kh1 Qe1+ 65. Kg2 Qd2+ 66. Kh1 Qc1+ 67. Kg2 Qc2+ 68. Kh1 Qb1+ 69. Kg2 Qxa2+ 70. Kh1 Qa1+ 71. Kg2 Qb2+ 72. Kh1 Qc1+ 73. Kg2 Qb2+ 74. Kh1 d2 75. f4 Qc2 76. h4 Bxh4 77. Nh5+ Kh6 78. Rd6 Re7 0-1

[Event "45th Olympiad 2024"]
[Site "Budapest HUN"]
[Date "2024.09.21"]
[Round "10.21"]
[Board "4"]
[White "Sonis, Francesco"]
[Black "Fernandez Sanchez, Fernando Miguel"]
[Result "1/2-1/2"]
[WhiteElo "2554"]
[BlackElo "2399"]
[PlyCount "108"]
[EventDate "2024.09.11"]
[WhiteTeam "Italy"]
[BlackTeam "Peru"]
[WhiteTeamCountry "ITA"]
[BlackTeamCountry "PER"]

1. d4 Nf6 2. g3 e6 3. c4 c5 4. Nf3 cxd4 5. Nxd4 d5 6. Bg2 e5 7. Nf3 d4 8. O-O Nc6 9. e3 Be7 10. exd4 exd4 11. Bf4 O-O 12. Ne5 Qb6 13. Re1 Be6 14. Nd2 Rac8 15. a3 a5 16. Qb3 Bc5 $146 ({RR} 16... Qa7 17. Qb5 Bd6 18. Nd7 Bxf4 19. Nxf6+ gxf6 20. gxf4 f5 21. Ne4 Qb8 22. Nc5 Qxf4 23. Rxe6 fxe6 24. Nxe6 Qb8 25. Nxf8 Rxf8 26. Rd1 Kh8 27. Bxc6 bxc6 28. Qxb8 Rxb8 29. Rxd4 Rxb2 30. Rf4 Ra2 31. Rxf5 {½-½ Jogstad,M (2305)-Repka,C (2523) Wch U20 57th 2018 (5)}) ({RR} 16... Qa6 17. Rac1 a4 18. Qb5 Qxb5 19. cxb5 Na5 20. Ndf3 Nb3 21. Rxc8 Bxc8 22. Bf1 Nd5 23. Bc4 Rd8 24. Nc6 bxc6 25. Bxd5 Rxd5 26. Rxe7 Kf8 27. Rc7 Bg4 28. Ne5 Rxe5 29. Bxe5 cxb5 30. Bd6+ Ke8 31. Bb4 {1-0 Smirnov,P (2530)-Poghosyan,S (2266) ch-Moscow Open Superfinal 2024 (3.9)}) 17. Qxb6 Bxb6 18. b4 Rfd8 19. Nd3 axb4 20. axb4 Bf5 21. Ne4 Nxe4 22. Rxe4 Bxe4 23. Bxe4 Bc7 24. Bf5 Bxf4 25. Bxc8 Bd2 26. Bxb7 Nxb4 27. Ne5 Bc3 28. Rc1 f6 29. Nc6 Nxc6 30. Bxc6 Kf7 31. Kf1 Ke6 32. Ke2 d3+ 33. Kd1 Bb4 34. Rb1 Bc5 35. Kd2 Bxf2 36. Bd5+ Kd6 37. Kxd3 Re8 38. Rb7 Re7 39. Rb2 Re3+ 40. Kd2 Re7 41. Rb3 Bg1 42. h3 f5 43. Rd3 g6 44. Bg8+ Ke5 45. Ra3 Bf2 46. Ke2 Bc5 47. Rd3 h5 48. Kf3 Kf6 49. h4 Ra7 50. Bd5 Ra2 51. Kf4 Bd6+ 52. Kf3 Bc5 53. Kf4 Bd6+ 54. Kf3 Bc5 1/2-1/2

[Event "45th Olympiad 2024"]
[Site "Budapest HUN"]
[Date "2024.09.21"]
[Round "10.22"]
[Board "1"]
[White "Dragnev, Valentin"]
[Black "Galaviz Medina, Sion Radamantys"]
[Result "1/2-1/2"]
[WhiteElo "2556"]
[BlackElo "2488"]
[PlyCount "131"]
[EventDate "2024.09.11"]
[WhiteTeam "Austria"]
[BlackTeam "Mexico"]
[WhiteTeamCountry "AUT"]
[BlackTeamCountry "MEX"]

1. e4 c5 2. Nf3 d6 3. Bb5+ Nd7 4. O-O a6 5. Be2 Ngf6 6. d3 e6 7. a4 b6 8. Nfd2 Bb7 9. f4 Be7 10. Bf3 Qc7 11. Qe2 O-O $146 ({RR} 11... Rc8 12. Nc3 O-O 13. g4 Nb8 14. g5 Nfd7 15. Nc4 Nc6 16. Qg2 Nd4 17. Bg4 b5 18. Ne3 b4 19. Ne2 d5 20. exd5 Nb6 21. c4 bxc3 22. Nxc3 Rcd8 23. f5 Bxg5 24. fxe6 fxe6 25. a5 Bxe3+ 26. Bxe3 {1-0 Hrbek,S (2414)-Szikszai,B (2278) 32nd EY Open U18 2024 (2.12)}) 12. g4 Nb8 13. g5 Nfd7 14. c3 Nc6 15. Nc4 Rae8 16. Qg2 Bd8 17. h4 Ne7 18. Ne3 f5 19. exf5 Bxf3 20. Rxf3 Nxf5 21. Nxf5 Rxf5 22. Be3 d5 23. Nd2 Ref8 24. Raf1 Be7 25. Qe2 R8f7 26. R1f2 Nf8 27. Nf1 Ng6 28. h5 Nh4 29. Rh3 d4 30. cxd4 cxd4 31. Bxd4 Rxf4 32. Rxh4 Rxh4 33. Qxe6 Bf6 34. Bxf6 Qd7 35. Qxd7 Rxd7 36. Bc3 Rxh5 37. Rf5 Rxd3 38. a5 bxa5 39. Rxa5 h6 40. Rxa6 Rxg5+ 41. Kf2 h5 42. Ra4 Rc5 43. Ng3 Rdxc3 44. bxc3 Rxc3 45. Nxh5 Rc7 46. Kg3 Kh7 47. Kg4 Rc1 48. Nf4 Rg1+ 49. Kf5 Rb1 50. Ra5 Rb8 51. Ne6 Kh6 52. Rc5 Rb1 53. Ke5 g5 54. Kf5 Rf1+ 55. Kg4 Rg1+ 56. Kf3 Kg6 57. Rc6 Rf1+ 58. Kg4 Rf6 59. Nf8+ Kg7 60. Ne6+ Kg6 61. Ra6 Kh6 62. Rb6 Kg6 63. Rd6 Kh6 64. Nxg5 Rxd6 65. Nf7+ Kg7 66. Nxd6 1/2-1/2

[Event "45th Olympiad 2024"]
[Site "Budapest HUN"]
[Date "2024.09.21"]
[Round "10.22"]
[Board "2"]
[White "Hernandez Guerrero, Gilberto"]
[Black "Ragger, Markus"]
[Result "1/2-1/2"]
[WhiteElo "2482"]
[BlackElo "2601"]
[PlyCount "80"]
[EventDate "2024.09.11"]
[WhiteTeam "Mexico"]
[BlackTeam "Austria"]
[WhiteTeamCountry "MEX"]
[BlackTeamCountry "AUT"]

1. e4 e5 2. Nf3 Nc6 3. Bb5 a6 4. Ba4 Nf6 5. d3 d6 6. c3 g6 7. O-O Bg7 8. Re1 O-O 9. Bg5 h6 10. Bh4 g5 11. Bg3 Nh7 12. Nbd2 h5 13. h3 h4 $146 ({RR} 13... f5 14. exf5 Bxf5 15. Bb3+ Kh8 16. Bd5 Qd7 17. Ne4 Ne7 18. Bb3 g4 19. Nh4 gxh3 20. Qxh5 Bg4 21. Ng6+ Nxg6 22. Qxg6 hxg2 23. Ng5 Nxg5 24. Qxg5 Qf5 25. Qxf5 Bxf5 26. Kxg2 Bh6 27. d4 exd4 28. cxd4 {½-½ Abdulla,K (2241)-Muzychuk,A (2594) EU-ch (Women) 14th 2013 (1)}) 14. Bh2 g4 15. hxg4 Bxg4 16. Bxc6 bxc6 17. Qa4 c5 18. d4 cxd4 19. cxd4 exd4 20. e5 dxe5 21. Bxe5 c5 22. Bxg7 Kxg7 23. Re5 Rc8 24. Rc1 Qd6 25. Qc4 Qf6 26. Qd3 Rfd8 27. Rcxc5 Nf8 28. Qe4 Bxf3 29. Nxf3 Rxc5 30. Rxc5 d3 31. Rd5 Rxd5 32. Qxd5 Qxb2 33. Qxd3 Qxa2 34. Nxh4 Qa1+ 35. Kh2 Qe5+ 36. g3 a5 37. Nf5+ Kf6 38. Ne3 Kg7 39. Nf5+ Kg8 40. Nh6+ Kg7 1/2-1/2

[Event "45th Olympiad 2024"]
[Site "Budapest HUN"]
[Date "2024.09.21"]
[Round "10.22"]
[Board "3"]
[White "Horvath, Dominik"]
[Black "Cori Quispe, Kevin Joel"]
[Result "0-1"]
[WhiteElo "2559"]
[BlackElo "2461"]
[PlyCount "74"]
[EventDate "2024.09.11"]
[WhiteTeam "Austria"]
[BlackTeam "Mexico"]
[WhiteTeamCountry "AUT"]
[BlackTeamCountry "MEX"]

1. e4 c5 2. Nf3 Nc6 3. d4 cxd4 4. Nxd4 Nf6 5. Nc3 d6 6. Bg5 e6 7. Qd2 a6 8. O-O-O Bd7 9. Nxc6 Bxc6 10. f3 Be7 11. h4 h6 ({RR} 11... Qa5 12. Kb1 Rc8 13. Bd3 h6 14. Be3 Qc7 15. g4 Nd7 16. g5 hxg5 17. hxg5 Rxh1 18. Rxh1 Ne5 19. Be2 b5 20. f4 b4 21. Nd5 Bxd5 22. exd5 Nc4 23. Bxc4 Qxc4 24. dxe6 fxe6 25. Re1 Qe4 26. Bc5 {1-0 Wang,H (2722)-Guseinov,G (2661) Shusha Rapid 2022 (4)}) 12. Be3 d5 $146 ({RR} 12... h5 13. Kb1 Qc7 14. Ne2 d5 15. e5 Nd7 16. f4 O-O-O 17. Nd4 Nc5 18. Bd3 Rhe8 19. Qf2 g6 20. Nb3 Na4 21. Bd2 Kb8 22. Ba5 b6 23. Bd2 Bb7 24. Qe2 Ka7 25. g4 Rh8 26. f5 hxg4 27. fxe6 {0-1 Blaszkiewicz,J (1793)-Oglaza,D (1945) 20th Baltic Pearl Open A 2024 (8.20)}) ({RR} 12... h5 13. Bg5 b5 14. Ne2 Qb6 15. Nd4 Bd7 16. Kb1 Rd8 17. Be2 a5 18. Be3 Qb7 19. Qd3 Rb8 20. Bg5 a4 21. c3 a3 22. b3 O-O 23. Nc2 Rfc8 24. Nb4 Be8 25. Rc1 Rc5 26. Rc2 Rbc8 27. Rhc1 {½-½ Loskutova,V (2094)-Vlasenko,M (2352) 19th Ugra Governor's Cup 2023 (6.12)}) 13. e5 Nd7 14. f4 Qa5 15. Kb1 O-O-O 16. Qf2 Kb8 17. Ne2 Nc5 18. Nd4 Rc8 19. Bd3 Bb5 20. f5 Bc4 21. Nb3 Qb5 22. Bxc5 Bxc5 23. Qg3 Bb6 24. Rhf1 a5 25. Rf4 a4 26. Nd4 Bxd4 27. Rxd4 a3 28. b3 Qa5 29. Qe1 Qxe1 30. Rxe1 Bxd3 31. Rxd3 exf5 32. Rxd5 Rc3 33. h5 Rhc8 34. Re2 f4 35. Ra5 Re3 36. Rxe3 fxe3 37. Kc1 Rd8 0-1

[Event "45th Olympiad 2024"]
[Site "Budapest HUN"]
[Date "2024.09.21"]
[Round "10.22"]
[Board "4"]
[White "Ibarra Chami, Luis Fernando"]
[Black "Blohberger, Felix"]
[Result "0-1"]
[WhiteElo "2427"]
[BlackElo "2520"]
[PlyCount "130"]
[EventDate "2024.09.11"]
[WhiteTeam "Mexico"]
[BlackTeam "Austria"]
[WhiteTeamCountry "MEX"]
[BlackTeamCountry "AUT"]

1. e4 c5 2. Nf3 d6 3. d4 cxd4 4. Nxd4 Nf6 5. Nc3 a6 6. Rg1 h5 7. Bg5 e6 ({RR} 7... b5 8. a3 Bb7 9. Bxf6 gxf6 10. f4 Nc6 11. Nxc6 Bxc6 12. Qd4 e6 13. O-O-O Rb8 14. Nd5 exd5 15. exd5 Bb7 16. Re1+ Be7 17. Bd3 Kf8 18. g4 hxg4 19. f5 Rg8 20. Rxg4 Rxg4 21. Qxg4 Bxd5 22. Qd4 {½-½ Carlsen,M (2864)-Giri,A (2760) Miami FTX Crypto Cup rapid 2022 (1.2)}) 8. Bc4 b5 $146 ({RR} 8... Be7 9. Qe2 Nc6 10. O-O-O Na5 11. e5 Nxc4 12. Qxc4 d5 13. exf6 gxf6 14. Qa4+ Bd7 15. Qb3 fxg5 16. Rge1 Qc7 17. Nf5 Qf4+ 18. Ne3 O-O-O 19. g3 Qxf2 20. Nexd5 Bc5 21. Rf1 Qxh2 22. Qc4 exd5 23. Qxc5+ {1-0 Wu,D (2295)-Kuznecova,M (2052) Titled Tue 26th Mar Early 2024 (9)}) ({RR} 8... Be7 9. Qd2 b5 10. Bd3 Bb7 11. a3 Nbd7 12. f3 d5 13. exd5 Nxd5 14. Bxe7 Qxe7 15. Nxd5 Qh4+ 16. Qf2 Qxf2+ 17. Kxf2 Bxd5 18. Rgc1 Ke7 19. c4 Ne5 20. Be2 Bxc4 21. b3 Bxe2 22. Kxe2 Rac8 23. h3 {0-1 Vaquerizo Calvo,M (2057)-Simonyan,A (1895) Madrid-ch sf 2022 (6)}) 9. Bb3 b4 10. Nce2 Be7 11. Qd3 Qc7 12. Nf4 Qc5 13. h4 Qe5 14. O-O-O Ng4 15. Nh3 Qc5 16. Bxe7 Kxe7 17. f3 Nf6 18. Nf4 Nc6 19. Nxc6+ Qxc6 20. Qd4 Rb8 21. e5 dxe5 22. Qxe5 Rb5 23. Qd4 Qc5 24. Qxc5+ Rxc5 25. Nd3 Rb5 26. Ba4 Rb6 27. Ne5 Nd5 28. Rge1 Kf6 29. Bc6 Rd8 30. Bxd5 Rxd5 31. Rxd5 exd5 32. Nd3 Be6 33. Kd2 a5 34. Nf4 g6 35. Re3 Rc6 36. a3 d4 37. Re1 bxa3 38. Nxe6 fxe6 39. bxa3 Rc3 40. Re4 e5 41. f4 exf4 42. Rxd4 Rxa3 43. Ke1 Ke5 44. Rc4 Ra1+ 45. Ke2 a4 46. Rc6 a3 47. Rxg6 Rg1 48. Ra6 Rxg2+ 49. Kf1 Rg3 50. Ra5+ Kd4 51. Ra4+ Kc5 52. Ke2 Kb5 53. Ra8 Kb4 54. Kd2 Rg1 55. Rb8+ Kc5 56. Ra8 Ra1 57. Kc3 f3 58. Rf8 Rf1 59. Rf5+ Kd6 60. Kb3 Ke6 61. Rf8 f2 62. Ka2 Ke5 63. Rf7 Ke4 64. Rf8 Ke3 65. Re8+ Kd2 0-1

[Event "45th Olympiad 2024"]
[Site "Budapest HUN"]
[Date "2024.09.21"]
[Round "10.23"]
[Board "2"]
[White "Nielsen, Hogni Egilstoft"]
[Black "Cheng, Bobby"]
[Result "1/2-1/2"]
[WhiteElo "2379"]
[BlackElo "2588"]
[PlyCount "96"]
[EventDate "2024.09.11"]
[WhiteTeam "Faroe Islands"]
[BlackTeam "Australia"]
[WhiteTeamCountry "FAI"]
[BlackTeamCountry "AUS"]

1. e4 c5 2. Nf3 d6 3. Bb5+ Nd7 4. O-O a6 5. Bd3 Ngf6 6. c3 e6 7. Bc2 b5 8. d4 Bb7 9. Re1 Be7 10. Nbd2 Qc7 11. Nf1 O-O 12. Ng3 a5 13. Qe2 $146 ({RR} 13. h3 Rfc8 14. Bd3 b4 15. Bg5 h6 16. Be3 Bf8 17. Qd2 bxc3 18. bxc3 Ba6 19. Bxa6 Rxa6 20. Qd3 Raa8 21. Nd2 Rab8 22. Ne2 Rb2 23. Ng3 cxd4 24. cxd4 Qc2 25. Qa6 Rc3 26. Qxa5 d5 27. Rec1 Qxc1+ {1-0 Nakamura,H (2736)-So,W (2772) Speed Chess Chess.com INT blitz 2021 (4.17)}) ({RR} 13. h3 b4 14. a3 Rfe8 15. Ba4 Bc6 16. Bxc6 Qxc6 17. Bg5 Nb6 18. e5 dxe5 19. Nxe5 Qc7 20. axb4 cxb4 21. Qf3 h6 22. Bxf6 Bxf6 23. Nh5 Bxe5 24. dxe5 bxc3 25. bxc3 a4 26. Re4 Rec8 27. Rg4 g6 {1-0 Fernandez Siles,L (2191)-Heinrich,J (2257) Titled Tue 13th Aug Early 2024 (4)}) ({RR} 13. Bf4 Rfc8 14. e5 Nd5 15. exd6 Bxd6 16. Bxd6 Qxd6 17. Ne4 Qe7 18. Qd3 c4 19. Qd2 b4 20. Ne5 N5f6 21. Ng5 Rf8 22. Nxc4 h6 23. Ne4 Bxe4 24. Bxe4 Rac8 25. Nxa5 bxc3 26. bxc3 Qa3 27. Nb3 Nxe4 {1-0 Nakamura,H (2736)-So,W (2772) Speed Chess Chess.com INT blitz 2021 (4.22)}) 13... Rfc8 14. Bd3 b4 15. e5 dxe5 16. dxe5 c4 17. Bc2 Nd5 18. Bd2 Ba6 19. Qe4 g6 20. Bg5 Bf8 21. Rad1 bxc3 22. Qh4 cxb2 23. Bh6 Qd8 24. Bg5 Qe8 25. Ne4 Rab8 26. Bh6 Bxh6 27. Qxh6 Qf8 28. Qh4 c3 29. Nfg5 h6 30. Nf3 Rb4 31. a3 Rbc4 32. Qh3 Rb8 33. Nd6 Nf4 34. Qg3 Nh5 35. Qh3 Nf4 36. Qg3 b1=Q 37. Rxb1 Rxb1 38. Bxb1 c2 39. Bxc2 Nh5 40. Qh3 Rxc2 41. Nd4 Rc7 42. Qe3 Kh7 43. Rb1 Ng7 44. g4 Qe7 45. Qf4 Nc5 46. Rb8 g5 47. Qf3 Bd3 48. Qa8 Kg6 1/2-1/2

[Event "45th Olympiad 2024"]
[Site "Budapest HUN"]
[Date "2024.09.21"]
[Round "10.23"]
[Board "3"]
[White "Sardana, Rishi"]
[Black "Egilstoft, Rogvi"]
[Result "1/2-1/2"]
[WhiteElo "2477"]
[BlackElo "2278"]
[PlyCount "81"]
[EventDate "2024.09.11"]
[WhiteTeam "Australia"]
[BlackTeam "Faroe Islands"]
[WhiteTeamCountry "AUS"]
[BlackTeamCountry "FAI"]

1. e4 e5 2. Nf3 Nc6 3. Bc4 Nf6 4. d3 Bc5 5. O-O a6 6. c3 d6 7. a4 Ba7 8. Be3 ({RR} 8. Re1 h6 9. Nbd2 g5 10. b4 Ne7 11. Nf1 Ng6 12. Be3 Bxe3 13. Nxe3 g4 14. Nd2 h5 15. d4 h4 16. Qb3 Rh7 17. g3 Kf8 18. b5 Bd7 19. bxa6 bxa6 20. Rab1 a5 21. Bf1 Rh5 22. Bg2 Nh7 {1-0 Nepomniachtchi,I (2773)-Grischuk,A (2742) Chess.com Rapid Wk8 Swiss 2022 (2)}) 8... O-O 9. a5 Be6 $146 ({RR} 9... Qe7 10. Nbd2 Bxe3 11. fxe3 Be6 12. Qe1 Bxc4 13. Nxc4 d5 14. exd5 Nxd5 15. Qg3 f6 16. Rf2 b5 17. axb6 cxb6 18. e4 Nf4 19. d4 b5 20. Ne3 Qa7 21. Nd5 Ng6 22. Qg4 Rae8 23. Rd1 Rf7 24. h4 {1-0 Vasiukov,E (2495)-Peyrou Olya,M Fajr op 03th 1993 (3)}) ({RR} 9... Bxe3 10. fxe3 Ne7 11. Nbd2 Ng6 12. Rf2 Qe7 13. Nf1 c6 14. Ng3 d5 15. Bb3 Be6 16. Nf5 Qd7 17. Ng5 Bxf5 18. exf5 Ne7 19. e4 Rad8 20. Qe2 Qc7 21. h3 c5 22. g4 h6 23. Nf3 c4 24. dxc4 {1-0 Remizov,Y (2443)-Kezin,R (2483) TCh-RUS Premier 2024 (6.2)}) ({RR} 9... Bxe3 10. fxe3 Qe7 11. Nbd2 Be6 12. Qb3 Rab8 13. Bxe6 Qxe6 14. Qxe6 fxe6 15. d4 Rfe8 16. dxe5 Nxe5 17. Nxe5 dxe5 18. Ra4 Red8 19. Nc4 {½-½ Kollars,D (2588)-Donchenko,A (2658) Bremen CD Meyer Memorial 2020 (3)}) 10. Bxe6 fxe6 11. Nbd2 Nh5 12. g3 Bxe3 13. fxe3 Qf6 14. Qb3 Rab8 15. Rf2 Qe7 16. Qa2 Nf6 17. Raf1 Nd7 18. b4 Rbe8 19. Qb3 Rf6 20. c4 Ref8 21. Qc3 Qe8 22. d4 exd4 23. exd4 Qh5 24. Kg2 e5 25. d5 Nd4 26. Qe3 Rh6 27. Kg1 Rhf6 28. Kg2 Rh6 29. h4 Rhf6 30. Qg5 Qe8 31. Qe3 Qh5 32. Nb3 Nxb3 33. Qxb3 h6 34. Qe3 Rg6 35. Nd2 Qxh4 36. Rxf8+ Nxf8 37. c5 Nd7 38. c6 bxc6 39. dxc6 Nf6 40. b5 Nh5 41. Rf3 1/2-1/2

[Event "45th Olympiad 2024"]
[Site "Budapest HUN"]
[Date "2024.09.21"]
[Round "10.23"]
[Board "4"]
[White "Apol, Luitjen Akselsson"]
[Black "Zhao, Zong-Yuan"]
[Result "1-0"]
[WhiteElo "2219"]
[BlackElo "2478"]
[PlyCount "73"]
[EventDate "2024.09.11"]
[WhiteTeam "Faroe Islands"]
[BlackTeam "Australia"]
[WhiteTeamCountry "FAI"]
[BlackTeamCountry "AUS"]

1. d4 Nf6 2. Nf3 e6 3. c4 d5 4. Nc3 c6 5. e3 Nbd7 6. Bd3 dxc4 7. Bxc4 b5 8. Bd3 Bb7 9. O-O a6 10. e4 c5 11. d5 Qc7 12. dxe6 fxe6 13. Bc2 c4 14. Ne2 e5 ({RR} 14... Bd6 15. Ned4 Nc5 16. b4 cxb3 17. axb3 e5 18. Nf5 Ncxe4 19. Bxe4 Nxe4 20. Ng5 Bc5 21. Ne6 Qc6 22. Nxc5 Nxc5 23. Nd6+ Ke7 24. Bg5+ Ke6 25. Nxb7 Qxb7 26. b4 h6 27. Bh4 Ne4 28. Qg4+ Kf7 29. Rad1 {1-0 Aronian,L (2777)-Anand,V (2797) Zuerich Chess Challenge Rapid 4th 2015 (2)}) ({RR} 14... Nc5 15. Ned4 e5 16. Nf5 g6 17. Ng3 Ne6 18. b3 c3 19. a3 b4 20. Bd3 Be7 21. axb4 Bxb4 22. Bc4 Nf4 23. Bxf4 exf4 24. Ne2 Rd8 25. Qc1 Nxe4 26. Nxf4 Rd2 27. Ne6 Qc6 28. Bxa6 Ke7 29. Ned4 {1-0 Mamedyarov,S (2741)-Sethuraman,S (2643) Tata Steel India Rapid 2022 (2.1)}) 15. Ng3 Nc5 16. Qe2 $146 ({RR} 16. Bd2 Rd8 17. Qe1 Nd3 18. Bxd3 Rxd3 19. Ba5 Qc5 20. a3 g6 21. Rd1 Rxd1 22. Qxd1 Be7 23. Bc3 Nd7 24. Qd2 Qd6 25. Qc1 Bc6 26. Rd1 Qe6 27. Qh6 Bf8 28. Qd2 Be7 29. h4 h5 30. Bb4 Rf8 {1-0 Parligras,M (2628)-Jumabayev,R (2567) World Cities-ch GpD 2012 (1.6)}) ({RR} 16. Bd2 g6 17. b3 Bg7 18. bxc4 bxc4 19. Qe2 Ne6 20. Rac1 Nf4 21. Ba4+ Kf8 22. Bb4+ Kg8 23. Qxc4+ Qxc4 24. Rxc4 h6 25. Bc3 Rc8 26. Rxc8+ Bxc8 27. Bxe5 Nd3 28. Bd6 Kh7 29. Bc2 Ne8 30. Bxd3 Nxd6 {1-0 Stathopoulos,I (2216)-Navratil,J (2066) EU-ch U16 Prague 2012 (6)}) 16... Bd6 17. Rd1 g6 18. Bh6 Ng4 19. Bg5 Ne6 20. h3 Nxg5 21. Nxg5 Nf6 22. a4 Ke7 23. b3 Bc5 24. bxc4 bxc4 25. Rab1 Rab8 26. Nf1 Bd4 27. Ne3 Rhd8 28. Nxc4 Bc6 29. Rxb8 Qxb8 30. Na5 Qb6 31. Qc4 Bxf2+ 32. Kh2 Be8 33. Rb1 Qd6 34. Nb7 Qc6 35. Qxc6 Bxc6 36. Nxd8 Kxd8 37. Rf1 1-0

[Event "45th Olympiad 2024"]
[Site "Budapest HUN"]
[Date "2024.09.21"]
[Round "10.24"]
[Board "1"]
[White "Atabayev, Saparmyrat"]
[Black "Tin, Jingyao"]
[Result "1/2-1/2"]
[WhiteElo "2516"]
[BlackElo "2580"]
[PlyCount "106"]
[EventDate "2024.09.11"]
[WhiteTeam "Turkmenistan"]
[BlackTeam "Singapore"]
[WhiteTeamCountry "TKM"]
[BlackTeamCountry "SIN"]

1. e4 e5 2. Nf3 Nc6 3. Bb5 a6 4. Ba4 d6 5. Bxc6+ bxc6 6. d4 exd4 7. Qxd4 Nf6 8. O-O Be7 9. e5 c5 10. Qd3 dxe5 11. Qxd8+ Bxd8 12. Nxe5 Be7 13. Re1 Be6 14. Nc3 O-O 15. Bg5 Bd6 $146 ({RR} 15... h6 16. Ng6 fxg6 17. Rxe6 Kf7 18. Rae1 Rfe8 19. Bxf6 Bxf6 20. Rxe8 Rxe8 21. Rxe8 Kxe8 22. Nd1 Kd7 23. Kf1 Kc6 24. Ke2 Be5 25. h3 Kd5 26. Ne3+ Ke4 27. c3 h5 28. Nc4 Bf4 29. g3 Bg5 30. f3+ {1-0 Simagin,V-Keres,P Alekhine Memorial 1963 (5)}) 16. Bxf6 gxf6 17. Nf3 Rfd8 18. Ne4 Be7 19. Ng3 a5 20. Nh5 Kf8 21. Nf4 Bf5 22. Re2 Rab8 23. b3 c4 24. bxc4 c6 25. c3 Bc5 26. g3 a4 27. Kg2 a3 28. Nd4 Bxd4 29. cxd4 Rxd4 30. Re3 Ra8 31. Rc1 Rd2 32. Re2 Rxe2 33. Nxe2 Ra4 34. Nf4 Ke7 35. Kf3 Kd6 36. Ke3 Kc5 37. Nd3+ Bxd3 38. Kxd3 Ra7 39. Rc3 f5 40. h4 h6 41. Kc2 f4 42. g4 Kd4 43. Rd3+ Kxc4 44. Rf3 Kd5 45. Rxf4 Rb7 46. Kc3 Rb2 47. Rxf7 Rxa2 48. Rf5+ Ke4 49. Kb3 Ra1 50. h5 c5 51. Rxc5 Kf3 52. g5 hxg5 53. Rxg5 Kxf2 1/2-1/2